|
|
|
|
| LEADER |
00000nam#a22000001a#4500 |
| 001 |
00031564 |
| 003 |
AR-BaUAD |
| 005 |
20230908142256.0 |
| 008 |
100224s1980####xxuao||##||||||||#||eng|d |
| 020 |
|
|
|a 0394739515
|
| 040 |
|
|
|a AR-BaUAD
|b spa
|c AR-BaUAD
|
| 041 |
|
|
|a eng
|
| 044 |
|
|
|c us
|2 ISO3166-1
|
| 080 |
|
|
|a 082.2
|
| 245 |
0 |
4 |
|a The next whole earth catalog :
|b access to tools /
|c edited by Stewart Brand
|
| 260 |
|
|
|a [Sausalito, Calif.] :
|b Point,
|c 1980
|
| 300 |
|
|
|a 608 p. :
|b il., dib., fot.
|
| 500 |
|
|
|a Datos tomados de la cubierta.
|
| 500 |
|
|
|a Index: p. 595-608.
|
| 700 |
1 |
|
|a Brand, Stewart,
|d 1938-
|
| 655 |
|
|
|a TEXTO
|
| 852 |
|
|
|c FALTA UBICACION (campo 203)!!!
|
| 952 |
|
|
|0 0
|1 0
|4 0
|7 0
|9 39980
|a AR-BaUAD
|b AR-BaUAD
|d 2024-09-07
|e donac. José Rey
|g 79.00
|i 31564
|l 0
|p qgvub31564
|r 2023-09-08 14:22:56
|w 2023-09-08
|y BK
|
| 990 |
|
|
|a Ej. No 1 : 31564 . 24/09/07 -- donac. José Rey -- (79 pesos).
|b ADM
|
| 990 |
|
|
|a A198
|b TD
|
| 990 |
|
|
|a GAV
|b OP
|
| 990 |
|
|
|a AAQ00031564
|b CC
|
| 998 |
|
|
|a AAQ
|b Bibun 76
|
| 942 |
|
|
|c BK
|
| 999 |
|
|
|c 20576
|d 20576
|